| 000 | 00747nam a2200217Ia 4500 | ||
|---|---|---|---|
| 003 | GCL | ||
| 008 | 140319s9999 xx 000 0 ara d | ||
| 020 | _a0137111897 | ||
| 040 |
_aGCL / _cGCL |
||
| 082 | 0 | 4 |
_a819.9 _bع س |
| 100 | 1 | _aعباس محمود العقاد | |
| 245 | 1 | 0 |
_aسعد زغلول زعيم الثورة / _cعباس محمود العقاد |
| 260 |
_aالقاهرة : _bنهضة مصر للطباعة والنشر والتوزيع ، _c1988 |
||
| 300 |
_a153ص ؛ _c17 سم |
||
| 490 |
_aسلسلة كتاب الهلال _v0 |
||
| 650 | 0 | 4 | _aمصر |
| 650 | 0 | 4 | _aالتاريخ الحديث |
| 650 | 0 | 4 | _aسعد زغلول |
| 650 | 0 | 4 | _aمصر - تاريخ - العصر الحديث - ثورة 1919 |
| 942 |
_2ddc _cBK |
||
| 999 |
_c35272 _d35272 |
||